01818nam a2200349 i 4500003000900000005001700009007000300026008004100029020001500070040003100085041001800116082002200134100003800156245028600194246004600480246005100526264022100577300007700798336002700875337003300902338002800935500002100963500007400984546004501058651005401103700003901157700005201196700007401248700005101322700005101373700004401424DO-SdBNP20241113135717.0ta230721b1998 dr abc|| |||| 00| 0 spa d a8477825874 aDO-SdBNPbspacBNPHU erda17aspaaengafre 4a972.93bP438c2221 aPérez Montás, Eugenio,eautor13aLa ciudad del Ozama 500 años de historia urbana /cEugenio Pérez Montás ; coordinación, José Chez Checo ; fotografías, Francisco Monosalvas Gómez ; traducción al francés, Yvonne Bellion, Danielle Carrón, traducción al inglés, Robert Mº Collum, Marta Lugo aOzama City : b500 years of urban history aVille de l'Ozama :b500 ans d'histoire urbaine 1aSanto Domingo, República Dominicana :bPatronato de la Ciudad Colonial de Santo Domingo : Centro de Altos Estudios Humanísticos y del Idioma Español adscrito a la Universidad Católica Santo Domingo, c1998. a550 páginas :bilustraciones, fotografías, mapas, retratos ;c31 cm. atextobtxt2rdacontent asin mediaciónbn2rdamedia avolumenbnc2rdacarrier aIncluye índice aIncluye referencias bibliográficas y notas al pie de las páginas aTexto en Español, Inglés y Francés 7aSanto Domingo (República Dominicana)xHistoria 1 aChez Checo, José,d1949-ecoord.1 aMonosalvas Gómez , Francisco, efotografías1 aBellion, Yvonne etraducción al francés1 aCarrón, Danielle etraducción al francés1 aCollum, Robert Mº e traducción al inglés1 aLugo, Marta e traducción al inglés